Normal view MARC view
  • Power Potential

Entry Topical Term

Number of records used in: 5

001 - CONTROL NUMBER

  • control field: 359

003 - CONTROL NUMBER IDENTIFIER

  • control field: NUST

005 - DATE AND TIME OF LATEST TRANSACTION

  • control field: 20170510171722.0

008 - FIXED-LENGTH DATA ELEMENTS

  • fixed length control field: 170510|| aca||aabn | a|a d

040 ## - CATALOGING SOURCE

  • Original cataloging agency: NUST
  • Transcribing agency: NUST

150 ## - HEADING--TOPICAL TERM

  • Topical term or geographic name entry element: Power Potential

670 ## - SOURCE DATA FOUND

  • Source citation: Work cat.: (NUST)23639: Rabbani Wahid Bakhsh 358, The Magnificent Power Potential of Pakistan, c2002
© 2023 Central Library, National University of Sciences and Technology. All Rights Reserved.